000
00305nam a22001337a 4500
008
171227b xxu||||| |||| 00| 0 eng d
020
_a
9780275968076
041
_a
eng
080
_a
941
100
_a
16
101
_a
HIS
245
_a
The War For South Vietnam, 1954-1975
_c
Joes, A.J
942
_2
udc
_c
BK
999
_c
39453
_d
39453